| 000 | 01345 am a2200409 a 4500 | ||
|---|---|---|---|
| 005 | 20240219115241.0 | ||
| 008 | 100805s2003||||ag # f |||| 001 0 spa d | ||
| 020 | _a9501251020 | ||
| 041 | _aspa | ||
| 092 |
_c150.1943 _l7 _sBLE |
||
| 100 | 1 |
_aBleger, José. _9966 |
|
| 245 |
_aPsicología de la conducta / _cJosé Bleger. |
||
| 250 | _a2a ed. 19a reimp. | ||
| 260 |
_aBuenos Aires: _bPaidós; _c2003. |
||
| 300 |
_a293 p. _c20x14 cm. |
||
| 500 | _aBleger, J. (2003). Psicología de la conducta. (2a ed.). Buenos Aires : Paidos. | ||
| 653 | _aPsicología y el ser humano | ||
| 653 | _aConducta | ||
| 653 | _aSituación y campo | ||
| 653 | _aAmbito de la conducta | ||
| 653 | _aConducta y jerarquización de áreas | ||
| 653 | _aNiveles de integración de la conducta | ||
| 653 | _aFinalidad de la conducta | ||
| 653 | _aObjeto de la conducta | ||
| 653 | _aSentido de la conducta | ||
| 653 | _aEncuadres para el estudio de la conducta | ||
| 653 | _aMotivación de la conducta | ||
| 653 | _aConflictos y conducta | ||
| 653 | _aConductas defensivas | ||
| 653 | _aEstructura de la conducta | ||
| 653 | _aProblema metodológico en psicología | ||
| 653 | _aPsicología y filosofía | ||
| 653 | _aPsicólogo y las escuelas de psicología | ||
| 653 | _aConducta y personalidad | ||
| 930 | _a1160 | ||
| 942 |
_2ddc _cBK |
||
| 999 |
_c547 _d547 |
||